<?xml version="1.0" encoding="UTF-8"?>
<record
    xmlns:xsi="http://www.w3.org/2001/XMLSchema-instance"
    xsi:schemaLocation="http://www.loc.gov/MARC21/slim http://www.loc.gov/standards/marcxml/schema/MARC21slim.xsd"
    xmlns="http://www.loc.gov/MARC21/slim">

  <leader>01589nam a2200325 i 4500</leader>
  <controlfield tag="001">nkc20233515479</controlfield>
  <controlfield tag="003">CZ PrSKC</controlfield>
  <controlfield tag="005">20260409130933.0</controlfield>
  <controlfield tag="007">ta</controlfield>
  <controlfield tag="008">230817s2023    xr     g      000 f cze  </controlfield>
  <datafield tag="020" ind1=" " ind2=" ">
    <subfield code="a">9788024951195</subfield>
  </datafield>
  <datafield tag="040" ind1=" " ind2=" ">
    <subfield code="a">ABG001</subfield>
    <subfield code="b">cze</subfield>
    <subfield code="d">ABA001</subfield>
    <subfield code="e">rda</subfield>
  </datafield>
  <datafield tag="041" ind1="1" ind2=" ">
    <subfield code="a">cze</subfield>
    <subfield code="h">eng</subfield>
  </datafield>
  <datafield tag="072" ind1=" " ind2="7">
    <subfield code="a">821.111(73)-3</subfield>
    <subfield code="x">Americk&#xE1; pr&#xF3;za</subfield>
    <subfield code="2">Konspekt</subfield>
  </datafield>
  <datafield tag="080" ind1=" " ind2=" ">
    <subfield code="a">821.111(73)-31</subfield>
    <subfield code="2">MRF</subfield>
  </datafield>
  <datafield tag="080" ind1=" " ind2=" ">
    <subfield code="a">(0:82-31)</subfield>
    <subfield code="2">MRF</subfield>
  </datafield>
  <datafield tag="100" ind1="1" ind2=" ">
    <subfield code="a">Walker, Boo</subfield>
    <subfield code="4">aut</subfield>
    <subfield code="9">20600</subfield>
  </datafield>
  <datafield tag="240" ind1="1" ind2="0">
    <subfield code="a">Spanish sunrise.</subfield>
    <subfield code="l">&#x10C;esky</subfield>
  </datafield>
  <datafield tag="245" ind1="1" ind2="0">
    <subfield code="a">&#x160;pan&#x11B;lsk&#xFD; &#xFA;svit /</subfield>
    <subfield code="c">Boo Walker ; p&#x159;elo&#x17E;ila Michaela Meli&#x161;&#xED;kov&#xE1;</subfield>
  </datafield>
  <datafield tag="250" ind1=" " ind2=" ">
    <subfield code="a">Vyd&#xE1;n&#xED; prvn&#xED;</subfield>
  </datafield>
  <datafield tag="264" ind1=" " ind2="1">
    <subfield code="a">Praha :</subfield>
    <subfield code="b">Ikar,</subfield>
    <subfield code="c">2023</subfield>
  </datafield>
  <datafield tag="300" ind1=" " ind2=" ">
    <subfield code="a">398 stran ;</subfield>
    <subfield code="c">21 cm</subfield>
  </datafield>
  <datafield tag="500" ind1=" " ind2=" ">
    <subfield code="a">P&#x159;elo&#x17E;eno z angli&#x10D;tiny</subfield>
  </datafield>
  <datafield tag="520" ind1="2" ind2=" ">
    <subfield code="a">Rom&#xE1;n o rodinn&#xFD;ch poutech, nov&#xFD;ch za&#x10D;&#xE1;tc&#xED;ch a o tom, &#x17E;e nikdy nen&#xED; pozd&#x11B; doufat v druhou &#x161;anci.</subfield>
    <subfield code="b">Baxter Shaw se a&#x17E; p&#x159;&#xED;li&#x161; brzy stane vdovcem. Aby se mohl naplno v&#x11B;novat sv&#xE9; dce&#x159;i Mie, opust&#xED; slibnou hudebn&#xED; kari&#xE9;ru. Vyrovnat se se smrt&#xED; m&#xE1;my a man&#x17E;elky nen&#xED; v&#x16F;bec snadn&#xE9;. Baxter t&#xE1;pe a nev&#xED;, jak &#x10D;elit minulosti, zat&#xED;mco Mia za&#x10D;&#xED;n&#xE1; m&#xED;t st&#xE1;le v&#x11B;t&#x161;&#xED; probl&#xE9;my se sebeovl&#xE1;d&#xE1;n&#xED;m. Ne&#x10D;ekan&#xE9; zji&#x161;t&#x11B;n&#xED; v&#x161;ak zavede otce i s dcerou do &#x160;pan&#x11B;lska. Rustik&#xE1;ln&#xED; vily, olivov&#xE9; h&#xE1;je, romantick&#xE9; v&#xFD;chody slunce... Co na Baxtera a Miu &#x10D;ek&#xE1; v zemi v&#xE1;&#x161;niv&#xE9;ho flamenca a divok&#xFD;ch b&#xFD;&#x10D;&#xED;ch z&#xE1;pas&#x16F;? Nakladatelsk&#xE1; anotace.</subfield>
  </datafield>
  <datafield tag="655" ind1=" " ind2="7">
    <subfield code="a">americk&#xE9; rom&#xE1;ny</subfield>
  </datafield>
  <datafield tag="655" ind1=" " ind2="9">
    <subfield code="a">American fiction</subfield>
  </datafield>
  <datafield tag="700" ind1="1" ind2=" ">
    <subfield code="a">Meli&#x161;&#xED;kov&#xE1;, Michaela,</subfield>
    <subfield code="d">1984-</subfield>
    <subfield code="4">trl</subfield>
    <subfield code="9">18290</subfield>
  </datafield>
  <datafield tag="910" ind1=" " ind2=" ">
    <subfield code="a">ABG508</subfield>
  </datafield>
  <datafield tag="952" ind1=" " ind2=" ">
    <subfield code="1">0</subfield>
    <subfield code="2">udc</subfield>
    <subfield code="4">0</subfield>
    <subfield code="0"></subfield>
  </datafield>
  <datafield tag="999" ind1=" " ind2=" ">
    <subfield code="c">34143</subfield>
    <subfield code="d">34143</subfield>
  </datafield>
</record>
